Logo BPK

Biblioteka

Politechniki Koszalińskiej

Highways and Brazil's Development / (Rekord nr 27142)

Szczegóły MARC
000 -ETYKIETA REKORDU
podpole kontrolne o stałej długości 00314nam a2200133 i 4500
001 - NUMER KONTROLNY REKORDU
pole kontrolne bg
040 ## - ŹRÓDŁO KATALOGOWANIA
Instytucja, która utworzyła rekord BPK
041 ## - KOD JĘZYKA
Kod języka tekstu pol
008 - POLE O STAŁEJ DŁUGOŚCI - DANE KONTROLNE
podpole kontrolne o stałej długości s pl f |000 0 pol
100 1# - NAZWA OSOBOWA
Nazwa osobowa RESENDE, Eliseu
245 #0 - TYTUŁ/ODPOWIEDZIALNOŚĆ
Tytuł Highways and Brazil's Development /
Pozostałe elementy strefy tytułu i oznaczenia odpowiedzialności Eliseu Resende.
260 ## - STREFA ADRESU WYDAWNICZEGO
Miejsce wydania Munich,
Data publikacji, dystrybucji/powstania dokumentu 1973.
942 ## - DODATKOWE ELEMENTY (KOHA)
Typ dokumentu Książka
Egzemplarze
Wycofany Status egzemplarza Uszkodzony Dostępność Lokalizacja stała Lokalizacja bieżąca Miejsce przechowywania Sygnatura Kod kreskowy Typ dokumentu
      Dostępny Biblioteka Politechniki Koszalińskiej Biblioteka Politechniki Koszalińskiej Wypożyczalnia BG 18960 01701746 Książka
© 2023 Biblioteka Politechniki Koszalińskiej :: KOHA